Co to jest? - Statystyki

Ogólne statystyki
  • Ten quiz został rozwiązany 4 razy
  • Średni wynik to 9 z 14
Statystyki odpowiedzi
Obrazkowy Odpowiedź % Poprawnych
Brat Maria, Luigi
100%
Gumka do ołówka
100%
Mój pokój
100%
Pokój Daniel
100%
Pokój Emilki
100%
Superbohater
100%
Super Mario
100%
Włos
100%
A to jest sam ołówek
50%
Kod do mapki w Super Mario Maker 2
50%
( grzybek ( wróg Maria)). Goomba
0%
Koopa troopa ( nieżywa kupa😂 ) )
0%
Mój strój na WF
0%
Yoshi ( to ten który wykluwa się z jaja )
0%
Nie znaleziono quizów pasujących do podanych kryteriów
Rozkład punktacji
Procent ludzi z każdym wynikiem
Percentyl według liczby udzielonych odpowiedzi
Twoja historia wyników
Nie rozwiązałeś tego quizu